[Event "IECG WC.2005.T.00001 email"]
[Site "IECG email"]
[Date "2004.12.15"]
[Round "?"]
[White "Da Silva, Flavio Arnaldo Brag"]
[Black "Schulze, Michael"]
[Result "1/2-1/2"]
[WhiteElo "2331"]
[BlackElo "2340"]
[PlyCount "56"]
[EventDate "2004.12.15"]
[EventType "tourn (corr)"]
[EventRounds "10"]
[SourceTitle "Corr 2008"]
[Source "ChessBase"]
[SourceDate "2008.06.24"]
[SourceVersion "1"]
[SourceVersionDate "2008.06.24"]
[SourceQuality "1"]

1. e4 e5 2. Nf3 Nc6 3. Bb5 a6 4. Ba4 Nf6 5. d4 exd4 6. 0-0 b5 7. Bb3 Na5 8. e5 Nxb3 9. axb3 Ne4 10. Nxd4 Bb7 11. Nc3 Nxc3 12. bxc3 Qh4 13. Qe2 c5 14. Nf5 Qe4 15. Qxe4 Bxe4 16. Nd6+ Bxd6 17. exd6 Bxc2 18. Re1+ Kd8 19. b4 cxb4 20. cxb4 Re8 21. Bb2 f6 22. Bd4 Re6 23. Rxe6 dxe6 24. Rc1 Rc8 25. Bc5 Bf5 26. Bb6+ Kd7 27. Rc7+ Rxc7 28. dxc7 e5 1/2-1/2

[Event "IECG WC.2005.T.00001 email"]
[Site "IECG email"]
[Date "2004.12.15"]
[Round "?"]
[White "Von Saleski, Marcel"]
[Black "Da Silva, Flavio Arnaldo Brag"]
[Result "1-0"]
[WhiteElo "2052"]
[BlackElo "2331"]
[PlyCount "85"]
[EventDate "2004.12.15"]
[EventType "tourn (corr)"]
[EventRounds "10"]
[SourceTitle "Corr 2008"]
[Source "ChessBase"]
[SourceDate "2008.06.24"]
[SourceVersion "1"]
[SourceVersionDate "2008.06.24"]
[SourceQuality "1"]

1. e4 e5 2. Nf3 Nc6 3. Bb5 a6 4. Ba4 Nf6 5. 0-0 Be7 6. Re1 b5 7. Bb3 0-0 8. c3 d6 9. h3 Nd7 10. d4 Bf6 11. a4 Bb7 12. Na3 exd4 13. cxd4 Re8 14. axb5 axb5 15. Bf4 b4 16. Nb5 Rxa1 17. Qxa1 Qb8 18. Bc4 h6 19. Bg3 g6 20. Rc1 Ba8 21. Qa2 Rf8 22. Bf1 Bd8 23. d5 Ne7 24. Qc4 f5 25. Nxc7 Nb6 26. Qxb4 Bxc7 27. Rxc7 Nexd5 28. exd5 Qxc7 29. Bxd6 Nxd5 30. Qa3 Qg7 31. Bxf8 Qxf8 32. Qa7 Ne7 33. Ne5 Bd5 34. Qc7 Bb3 35. Bc4+ Bxc4 36. Qxc4+ Kg7 37. Qc7 Kg8 38. Qd6 Kg7 39. b4 Qf6 40. Qc7 Qe6 41. b5 Kf6 42. Nd7+ Kf7 43. b6 1-0

[Event "Liape Cup Magistral A email"]
[Site "Liape email"]
[Date "2004.03.24"]
[Round "12"]
[White "Da Silva, Flavio Arnaldo Brag"]
[Black "Vicioso Sanchez, Manuel"]
[Result "0-1"]
[WhiteElo "2304"]
[BlackElo "2188"]
[PlyCount "74"]
[EventDate "2004.03.13"]
[EventType "tourn (corr)"]
[EventRounds "14"]
[EventCountry "ARG"]
[SourceTitle "Corr 2006"]
[Source "ChessBase"]
[SourceDate "2006.04.01"]
[SourceVersion "3"]
[SourceVersionDate "2006.04.01"]
[SourceQuality "1"]

1. e4 b6 2. d4 Bb7 3. Bd3 e6 4. Nf3 c5 5. c3 d5 6. e5 Ne7 7. Ng5 Nec6 8. Bxh7 g6 9. Qc2 Ne7 10. h4 Bh6 11. Na3 Bxg5 12. hxg5 Bc6 13. dxc5 bxc5 14. Be3 Nf5 15. Bf4 Nd7 16. g4 Ne7 17. 0-0-0 Qa5 18. Rh2 Ba4 19. b3 Bxb3 20. axb3 Qxa3+ 21. Qb2 Qxb2+ 22. Kxb2 Nc6 23. Be3 Ncxe5 24. Rh4 Nf3 25. Rh3 Nde5 26. Kc2 a5 27. Ra1 Kd7 28. Bf4 Kc6 29. Kd1 Rhb8 30. Ra3 d4 31. cxd4 cxd4 32. b4 axb4 33. Raxf3 Nxf3 34. Rxf3 Rh8 35. Rh3 Kd5 36. Ke2 Kc4 37. Rh1 Ra2+ 0-1

[Event "Liape Cup Magistral A email"]
[Site "Liape email"]
[Date "2004.03.23"]
[Round "11"]
[White "Malmstroem, Jan"]
[Black "Da Silva, Flavio Arnaldo Brag"]
[Result "1/2-1/2"]
[WhiteElo "2200"]
[BlackElo "2304"]
[PlyCount "33"]
[EventDate "2004.03.13"]
[EventType "tourn (corr)"]
[EventRounds "14"]
[EventCountry "ARG"]
[SourceTitle "Corr 2006"]
[Source "ChessBase"]
[SourceDate "2006.04.01"]
[SourceVersion "3"]
[SourceVersionDate "2006.04.01"]
[SourceQuality "1"]

1. e4 c5 2. Nf3 e6 3. d4 cxd4 4. Nxd4 a6 5. Bd3 Bc5 6. Nb3 Ba7 7. Qe2 Nc6 8. 0-0 Nge7 9. Nc3 0-0 10. Be3 Bxe3 11. Qxe3 f6 12. a4 d6 13. f4 Na5 14. Nd4 e5 15. Nde2 Bg4 16. Rad1 Qc7 17. Rf2 1/2-1/2

[Event "Liape Cup Magistral A email"]
[Site "Liape email"]
[Date "2004.03.21"]
[Round "9"]
[White "Sorroche Lupion, Francisco"]
[Black "Da Silva, Flavio Arnaldo Brag"]
[Result "1-0"]
[WhiteElo "2271"]
[BlackElo "2304"]
[PlyCount "101"]
[EventDate "2004.03.13"]
[EventType "tourn (corr)"]
[EventRounds "14"]
[EventCountry "ARG"]
[SourceTitle "Corr 2006"]
[Source "ChessBase"]
[SourceDate "2006.04.01"]
[SourceVersion "3"]
[SourceVersionDate "2006.04.01"]
[SourceQuality "1"]

1. e4 c5 2. Nf3 e6 3. d4 cxd4 4. Nxd4 a6 5. Bd3 Bc5 6. Nb3 Ba7 7. 0-0 Nc6 8. c4 Nge7 9. Bf4 d6 10. Nc3 Ng6 11. Bg3 Nce5 12. Kh1 h5 13. f4 h4 14. Be1 Nxd3 15. Qxd3 b6 16. Rd1 Bb7 17. h3 Rc8 18. Nd4 Qf6 19. Nde2 Bb8 20. Bf2 Nxf4 21. Nxf4 Qxf4 22. Bxb6 Qg5 23. Be3 Qh5 24. c5 Rxc5 25. Bxc5 Qxc5 26. Qf3 0-0 27. Qf4 d5 28. e5 f6 29. Na4 Qe7 30. Qxh4 Bxe5 31. b4 Bd6 32. a3 e5 33. Qf2 d4 34. Kg1 f5 35. Rfe1 Qg5 36. Nc5 Bxc5 37. bxc5 f4 38. h4 Qh5 39. Rd2 Re8 40. Rb2 Bd5 41. Rb6 Rc8 42. Rc1 Qg4 43. Rd6 Be4 44. c6 Kh7 45. c7 Qf5 46. Rd8 Bb7 47. Qa2 Kh6 48. Qg8 f3 49. Qh8+ Kg6 50. h5+ Kg5 51. Qxg7+ 1-0

[Event "Liape Cup Magistral A email"]
[Site "Liape email"]
[Date "2004.03.18"]
[Round "6"]
[White "Garcia, Hamlet Danilo"]
[Black "Da Silva, Flavio Arnaldo Brag"]
[Result "1-0"]
[WhiteElo "2314"]
[BlackElo "2304"]
[PlyCount "47"]
[EventDate "2004.03.13"]
[EventType "tourn (corr)"]
[EventRounds "14"]
[EventCountry "ARG"]
[SourceTitle "Corr 2006"]
[Source "ChessBase"]
[SourceDate "2006.04.01"]
[SourceVersion "3"]
[SourceVersionDate "2006.04.01"]
[SourceQuality "1"]

1. e4 c5 2. Nf3 e6 3. d4 cxd4 4. Nxd4 a6 5. Nc3 Qc7 6. Bd3 Nc6 7. Be3 Nf6 8. 0-0 Ne5 9. h3 Bc5 10. f4 Nc6 11. Nf5 Ne7 12. Nxg7+ Kf8 13. Bxc5 Qxc5+ 14. Kh1 Kxg7 15. e5 Nfd5 16. Ne4 Qd4 17. Qg4+ Ng6 18. f5 Qxe5 19. Rae1 Qxb2 20. Bc4 d6 21. fxg6 f5 22. Qg5 h6 23. Qh4 Qb6 24. Rxf5 1-0

[Event "Liape Cup Magistral A email"]
[Site "Liape email"]
[Date "2004.03.17"]
[Round "5"]
[White "Da Silva, Flavio Arnaldo Brag"]
[Black "Moreira, Jose Americo Paiva"]
[Result "0-1"]
[WhiteElo "2304"]
[BlackElo "2320"]
[PlyCount "90"]
[EventDate "2004.03.13"]
[EventType "tourn (corr)"]
[EventRounds "14"]
[EventCountry "ARG"]
[SourceTitle "Corr 2006"]
[Source "ChessBase"]
[SourceDate "2006.04.01"]
[SourceVersion "3"]
[SourceVersionDate "2006.04.01"]
[SourceQuality "1"]

1. e4 e5 2. Bc4 Nf6 3. d3 Nc6 4. Nc3 Bb4 5. Bg5 h6 6. Bxf6 Bxc3+ 7. bxc3 Qxf6 8. Ne2 d6 9. Qd2 Qg5 10. Qxg5 hxg5 11. Rb1 Ne7 12. Ng3 g4 13. d4 a6 14. a4 b6 15. Kd2 Bd7 16. Bb3 g6 17. a5 f5 18. exf5 gxf5 19. h3 gxh3 20. Rxh3 0-0-0 21. Rbh1 Rxh3 22. gxh3 Rh8 23. h4 bxa5 24. h5 Rh6 25. Bf7 a4 26. Kc1 Rh7 27. Bc4 Bc6 28. Rh4 f4 29. Bxa6+ Kd8 30. Bd3 Rh6 31. Ne4 Nf5 32. Rh2 Ng7 33. Ng5 Ke7 34. Bg6 Be8 35. Bxe8 Nxe8 36. d5 Nf6 37. c4 Rxh5 38. Rxh5 Nxh5 39. Ne4 Nf6 40. Nd2 Nd7 41. Kb2 Nc5 42. f3 Kf6 43. Ka3 Kg5 44. Kb2 Kh4 45. Ka3 Kg3 0-1

[Event "Liape Cup Magistral A email"]
[Site "Liape email"]
[Date "2004.03.16"]
[Round "4"]
[White "Sacerdotali, Sergio"]
[Black "Da Silva, Flavio Arnaldo Brag"]
[Result "1-0"]
[WhiteElo "2337"]
[BlackElo "2304"]
[PlyCount "109"]
[EventDate "2004.03.13"]
[EventType "tourn (corr)"]
[EventRounds "14"]
[EventCountry "ARG"]
[SourceTitle "Corr 2006"]
[Source "ChessBase"]
[SourceDate "2006.04.01"]
[SourceVersion "3"]
[SourceVersionDate "2006.04.01"]
[SourceQuality "1"]

1. e4 c5 2. Nf3 e6 3. d4 cxd4 4. Nxd4 a6 5. Bd3 Bc5 6. Nb3 Ba7 7. Qe2 Nc6 8. Be3 Bxe3 9. Qxe3 d6 10. Nc3 Nf6 11. 0-0-0 0-0 12. f4 Qc7 13. Rhg1 b5 14. g4 b4 15. g5 Ne8 16. Na4 Rb8 17. Nd2 e5 18. b3 exf4 19. Qxf4 Be6 20. Nf3 Qa5 21. Kb1 Ne5 22. Be2 Rc8 23. Nxe5 dxe5 24. Qd2 Nc7 25. a3 Rb8 26. h4 Na8 27. Rge1 Rb7 28. h5 Nc7 29. Rg1 Re8 30. g6 fxg6 31. hxg6 h6 32. Rgf1 Rbb8 33. Rf7 Nb5 34. axb4 Qd8 35. Qxd8 Rbxd8 36. Rxd8 Rxd8 37. Re7 Nd4 38. Nc5 Bxb3 39. Bd3 Kf8 40. Rxe5 Bg8 41. Nxa6 Nc6 42. Rc5 Ne7 43. b5 Rd6 44. e5 Rd7 45. b6 Rb7 46. Rb5 Nd5 47. Nc5 Rxb6 48. Nd7+ Ke7 49. Nxb6 Nc3+ 50. Kb2 Nxb5 51. Bxb5 h5 52. Nc8+ Kd8 53. Nd6 Be6 54. Ne8 Bf5 55. Nxg7 1-0

[Event "IECG CP.2002.Q.00017 email"]
[Site "IECG email"]
[Date "2003.10.01"]
[Round "?"]
[White "Da Silva, Flavio Arnaldo Brag"]
[Black "Woelfelschneider, Peter"]
[Result "1/2-1/2"]
[WhiteElo "2033"]
[BlackElo "1925"]
[PlyCount "52"]
[EventDate "2003.10.01"]
[EventType "tourn (corr)"]
[EventRounds "10"]
[SourceTitle "Corr 2008"]
[Source "ChessBase"]
[SourceDate "2008.06.24"]
[SourceVersion "1"]
[SourceVersionDate "2008.06.24"]
[SourceQuality "1"]

1. e4 e5 2. Nf3 Nf6 3. Nxe5 d6 4. Nf3 Nxe4 5. d4 d5 6. Bd3 Bd6 7. 0-0 0-0 8. c4 Re8 9. Re1 c6 10. Nc3 Nxc3 11. bxc3 Bg4 12. Bg5 Rxe1+ 13. Qxe1 f6 14. Bd2 Bxf3 15. gxf3 dxc4 16. Bxc4+ Kh8 17. Rb1 b5 18. Bd3 a6 19. Qe4 g6 20. c4 Ra7 21. Qe6 Kg7 22. Qh3 Rd7 23. Be3 f5 24. Kh1 Kh8 25. Rc1 Qf6 26. f4 Ba3 1/2-1/2

[Event "FECAP-Jub30 corr"]
[Site "FECAP"]
[Date "2003.09.11"]
[Round "?"]
[White "Alzola Tovar, Pedro"]
[Black "Da Silva, Flavio Arnaldo Brag"]
[Result "0-1"]
[WhiteElo "2313"]
[BlackElo "2420"]
[PlyCount "98"]
[EventDate "2002.06.15"]
[EventType "tourn (corr)"]
[EventRounds "14"]
[EventCountry "CUB"]
[SourceTitle "Corr 2008"]
[Source "ChessBase"]
[SourceDate "2008.06.24"]
[SourceVersion "1"]
[SourceVersionDate "2008.06.24"]
[SourceQuality "1"]

1. e4 c5 2. Nf3 Nc6 3. d4 cxd4 4. c3 dxc3 5. Nxc3 d6 6. Bc4 e6 7. 0-0 a6 8. Qe2 Bd7 9. Rd1 b5 10. Bb3 Na5 11. Bc2 Be7 12. b3 b4 13. Na4 Nf6 14. Bb2 Bb5 15. Bd3 Qb8 16. e5 Bxd3 17. Rxd3 dxe5 18. Bxe5 Qb7 19. Rad1 Nc6 20. Bxf6 gxf6 21. Rd7 Qb5 22. Qc2 0-0 23. Nb2 Rfd8 24. Nc4 Rxd7 25. Rxd7 Rd8 26. Rxd8+ Bxd8 27. Qe4 Bc7 28. Ne3 Qc5 29. Nc4 h6 30. Qd3 Kg7 31. g3 Ne7 32. Qd7 Nd5 33. Qc8 a5 34. Qe8 Nc3 35. Qd7 a4 36. Ne1 a3 37. Nd3 Qd5 38. Qxc7 Ne2+ 39. Kf1 Qxd3 40. Kg2 Qe4+ 41. Kf1 Qb1+ 42. Kxe2 Qxa2+ 43. Kf1 Qc2 44. Kg2 a2 45. Qa7 Qxb3 46. Nd6 Qd5+ 47. f3 Qxd6 48. Qxa2 Qd3 49. Qa4 b3 0-1

[Event "FECAP-Jub30 corr"]
[Site "FECAP"]
[Date "2003.02.17"]
[Round "?"]
[White "Da Silva, Flavio Arnaldo Brag"]
[Black "Van de Wynkele, Herman"]
[Result "1-0"]
[WhiteElo "2420"]
[BlackElo "2383"]
[PlyCount "83"]
[EventDate "2002.06.15"]
[EventType "tourn (corr)"]
[EventRounds "14"]
[EventCountry "CUB"]
[SourceTitle "Corr 2008"]
[Source "ChessBase"]
[SourceDate "2008.06.24"]
[SourceVersion "1"]
[SourceVersionDate "2008.06.24"]
[SourceQuality "1"]

1. e4 e6 2. d4 d5 3. Nd2 c5 4. exd5 exd5 5. Ngf3 Nc6 6. Bb5 Bd6 7. dxc5 Bxc5 8. 0-0 Nge7 9. Nb3 Bd6 10. Re1 0-0 11. Bg5 Bg4 12. h3 Bh5 13. c3 Qc7 14. Bxe7 Nxe7 15. Nbd4 a6 16. Be2 Rad8 17. Nh4 Bg6 18. Bf3 Be5 19. Nxg6 Nxg6 20. g3 Qb6 21. Re2 Rfe8 22. Qd2 Bf6 23. Rd1 Ne5 24. Bg2 Nc4 25. Rde1 Rxe2 26. Qxe2 h6 27. Bxd5 Nxb2 28. Bb3 Qa5 29. Rc1 Na4 30. Qc4 Nc5 31. Qxf7+ Kh8 32. Bc2 Qxc3 33. Qg6 Nd3 34. Rd1 Bxd4 35. Bxd3 Kg8 36. Qe6+ Kh8 37. Kg2 a5 38. Be4 Qc5 39. Qg6 Kg8 40. Rd3 Qd6 41. Qh7+ Kf7 42. Bxb7 1-0

[Event "FECAP-Jub30 corr"]
[Site "FECAP"]
[Date "2003.02.16"]
[Round "?"]
[White "Ortiz Elias, Jose Agustin"]
[Black "Da Silva, Flavio Arnaldo Brag"]
[Result "1/2-1/2"]
[WhiteElo "2469"]
[BlackElo "2420"]
[PlyCount "63"]
[EventDate "2002.06.15"]
[EventType "tourn (corr)"]
[EventRounds "14"]
[EventCountry "CUB"]
[SourceTitle "Corr 2008"]
[Source "ChessBase"]
[SourceDate "2008.06.24"]
[SourceVersion "1"]
[SourceVersionDate "2008.06.24"]
[SourceQuality "1"]

1. e4 c5 2. Nf3 d6 3. d4 cxd4 4. Nxd4 Nf6 5. Nc3 a6 6. Bg5 e6 7. f4 Qb6 8. Qd2 Qxb2 9. Rb1 Qa3 10. Bxf6 gxf6 11. Be2 Nc6 12. Nxc6 bxc6 13. 0-0 Qa5 14. Kh1 Be7 15. f5 Rg8 16. Bf3 Rg5 17. h4 Rg8 18. fxe6 Bxe6 19. Rb7 Bd7 20. Rfb1 Qe5 21. Ne2 f5 22. exf5 d5 23. Nd4 Qg3 24. Kg1 Qxh4 25. Rb8+ Rxb8 26. Rxb8+ Bd8 27. c4 Qg5 28. Qe1+ Qe7 29. Qxe7+ Kxe7 30. cxd5 cxd5 31. Bxd5 Rg5 32. Kf2 1/2-1/2

[Event "IECG QM.2003.0.00052 email"]
[Site "IECG email"]
[Date "2003.01.19"]
[Round "?"]
[White "Massimini Gerbino, Massimiliano"]
[Black "Da Silva, Flavio Arnaldo Brag"]
[Result "1/2-1/2"]
[WhiteElo "2301"]
[BlackElo "2335"]
[PlyCount "110"]
[EventDate "2003.01.19"]
[EventType "tourn (corr)"]
[EventRounds "6"]
[SourceTitle "Corr 2008"]
[Source "ChessBase"]
[SourceDate "2008.06.24"]
[SourceVersion "1"]
[SourceVersionDate "2008.06.24"]
[SourceQuality "1"]

1. d4 Nf6 2. Nf3 g6 3. c4 c6 4. Nc3 Bg7 5. e4 d5 6. e5 Ne4 7. Bd3 Nxc3 8. bxc3 Nd7 9. a4 dxc4 10. Bxc4 Nb6 11. Be2 Be6 12. a5 Nd5 13. Qc2 Nc7 14. 0-0 0-0 15. Qb2 Qd7 16. Ng5 Rab8 17. Nxe6 Qxe6 18. f4 Qd7 19. c4 b5 20. axb6 Rxb6 21. Qc3 Rb7 22. Rd1 Rfb8 23. Qe1 Qe6 24. Ba3 Bf8 25. Bd3 Bh6 26. Qh4 Bf8 27. g4 Qd7 28. Be4 Qe6 29. Rac1 Rb3 30. f5 Qd7 31. Ra1 Re3 32. e6 Nxe6 33. fxe6 Qxe6 34. Bg2 Qxc4 35. Bc5 Rb2 36. Rdb1 Rc2 37. Rf1 Ree2 38. Bf3 Red2 39. Qg3 h6 40. Rad1 Bg7 41. Rxd2 Rxd2 42. Qb8+ Kh7 43. Qxa7 Bf6 44. Qb6 Rxh2 45. Qxc6 Rd2 46. Qe4 Bxd4+ 47. Bxd4 Qxd4+ 48. Qxd4 Rxd4 49. Ra1 Rd7 50. Kf2 Kg7 51. Ke3 Rc7 52. Kd4 e6 53. Ra6 Rc8 54. Ra7 Rc2 55. Rb7 Rd2+ 1/2-1/2

[Event "Liape ch-1 zone-B gr-04 email"]
[Site "Liape email"]
[Date "2003.01.04"]
[Round "5"]
[White "Meza, Abelardo D"]
[Black "Da Silva, Flavio Arnaldo Brag"]
[Result "0-1"]
[WhiteElo "1600"]
[BlackElo "2304"]
[PlyCount "24"]
[EventDate "2003.??.??"]
[EventType "tourn (corr)"]
[EventRounds "6"]
[EventCountry "ARG"]
[SourceTitle "Corr 2006"]
[Source "ChessBase"]
[SourceDate "2006.04.01"]
[SourceVersion "3"]
[SourceVersionDate "2006.04.01"]
[SourceQuality "1"]

1. e4 c5 2. Nf3 e6 3. d4 cxd4 4. Nxd4 a6 5. Bd3 Nf6 6. 0-0 d6 7. c4 Be7 8. Nc3 0-0 9. Be3 Nbd7 10. f4 Re8 11. Qf3 Bf8 12. Nb3 Qc7 0-1

[Event "Liape ch-1 zone-B gr-04 email"]
[Site "Liape email"]
[Date "2003.01.03"]
[Round "4"]
[White "Da Silva, Flavio Arnaldo Brag"]
[Black "Kelbl, Jiri"]
[Result "1/2-1/2"]
[WhiteElo "2304"]
[BlackElo "1632"]
[PlyCount "56"]
[EventDate "2003.??.??"]
[EventType "tourn (corr)"]
[EventRounds "6"]
[EventCountry "ARG"]
[SourceTitle "Corr 2006"]
[Source "ChessBase"]
[SourceDate "2006.04.01"]
[SourceVersion "3"]
[SourceVersionDate "2006.04.01"]
[SourceQuality "1"]

1. e4 e5 2. Nf3 Nc6 3. Bb5 Bc5 4. c3 Nf6 5. d4 Bb6 6. Qe2 exd4 7. e5 0-0 8. cxd4 Re8 9. Be3 Ng4 10. Nc3 d6 11. 0-0-0 Nxe3 12. fxe3 Bd7 13. Rhf1 dxe5 14. Bc4 Rf8 15. Nxe5 Nxe5 16. dxe5 Qe8 17. Rxd7 Qxd7 18. Rxf7 Rxf7 19. e6 Qd6 20. exf7+ Kf8 21. Kb1 Qxh2 22. Nd5 c6 23. Nf4 Qg1+ 24. Kc2 Qxe3 25. Qg4 Qf2+ 26. Kb3 Qe3+ 27. Kc2 Qf2+ 28. Kb3 Qe3+ 1/2-1/2

[Event "Liape Magistral 09-A email"]
[Site "Liape email"]
[Date "2002.09.28"]
[Round "9"]
[White "Soto Conde, Dante"]
[Black "Da Silva, Flavio Arnaldo Brag"]
[Result "0-1"]
[WhiteElo "2200"]
[BlackElo "2286"]
[PlyCount "32"]
[EventDate "2002.09.20"]
[EventType "tourn (corr)"]
[EventRounds "7"]
[EventCountry "ARG"]
[SourceTitle "Corr 2006"]
[Source "ChessBase"]
[SourceDate "2006.04.01"]
[SourceVersion "3"]
[SourceVersionDate "2006.04.01"]
[SourceQuality "1"]

1. d4 Nf6 2. c4 e6 3. Nc3 Bb4 4. e3 0-0 5. Bd3 d5 6. Nf3 c5 7. 0-0 Nc6 8. a3 Bxc3 9. bxc3 dxc4 10. Bxc4 Qc7 11. Bb2 e5 12. h3 Bf5 13. Bb5 e4 14. Nd2 Rfd8 15. f3 Qg3 16. Qe2 a6 0-1